A short introduction of grammar generallie to be vsed: : compiled and sette forth, for the bringinge vp of all those that intend to attaine the knowledge of the Latin tongue..

Bibliographic Details
Main Author: Lily, William, 1468?-1522
Other Authors: Colet, John, 1467?-1519, Robertson, Thomas, fl. 1520-1561
Format: eBook
Language:English
Latin
Published: [S.l. : R. Wolfe], M. D. LXVII. [1567].
Series:Early English books online.
Subjects:
Online Access:Connect to the full text of this electronic book

MARC

Tag First Indicator Second Indicator Subfields
LEADER 00000nam a2200000Ia 4500
001 in00004180708
005 20200807084326.0
006 m g d
007 cr bn |||a|bb|
008 040924s1567 enki o 000 0 eng d
035 |a (OCoLC)56572864 
040 |a EBK  |e dcrb  |c EBK 
037 |a CL0036000071  |b ProQuest Information and Learning 300 N. Zeeb Rd., Ann Arbor, MI 48103-1553 
041 0 |a eng  |a lat 
045 |a t-v- 
090 |a PA2084  |b .L54 1567 
049 |a UMIA 
100 1 |a Lily, William,  |d 1468?-1522. 
245 1 2 |a A short introduction of grammar generallie to be vsed: :  |b compiled and sette forth, for the bringinge vp of all those that intend to attaine the knowledge of the Latin tongue.. 
260 |a [S.l. :  |b R. Wolfe],  |c M. D. LXVII. [1567]. 
300 |a 1 online resource (56, 112+ pages :  |b coats of arms. 
336 |a text  |b txt  |2 rdacontent 
337 |a computer  |b c  |2 rdamedia 
338 |a online resource  |b cr  |2 rdacarrier 
500 |a Attributed to William Lily, John Colet, and Thomas Robertson--Cf. NUC pre-1956 imprints. 
500 |a Part 2 has special t.p. with title: Breuissisma institutio, seu ratio grammatices cognoscendæ ... [royal arms]. 
500 |a Publisher suggested by STC (2nd edition). 
500 |a Initials; title page has royal arms. 
500 |a Signatures: A-C⁸ d⁴ A-G⁸+. 
500 |a Imperfect: lacking all after G₈. 
500 |a Reproduction of original in: National Library of Wales. 
510 4 |a STC (2nd edition)  |c 15614.4. 
533 |a Electronic reproduction.  |b Ann Arbor, Mich. :  |c UMI,  |d 1999-  |f (Early English books online)  |n Digital version of: (Early English books, 1475-1640 ; 2148:1)  |7 s1999 miun s 
650 0 |a Latin language  |x Grammar  |y 1500-1799. 
700 1 |a Colet, John,  |d 1467?-1519. 
700 1 |a Robertson, Thomas,  |d fl. 1520-1561. 
740 0 2 |a Breuissisma institutio, seu ratio grammatices cognoscendæ. 
830 0 |a Early English books online. 
856 4 0 |u http://proxy.library.tamu.edu/login?url=https://search.proquest.com/docview/2240945565  |z Connect to the full text of this electronic book  |t 0 
999 f f |s 174bca75-44ba-388d-8865-7707016e3cd2  |i bdc5bf55-d1ce-311d-b866-15ec271019a0  |t 0 
952 f f |a Texas A&M University  |b College Station  |c Electronic Resources  |d Available Online  |t 0  |e PA2084 .L54 1567  |h Library of Congress classification 
998 f f |a PA2084 .L54 1567  |t 0  |l Available Online